000 00721cam a22002531 4500
999 _c22813
_d22813
001 7490421
003 BDDh-ASL
005 20231015030148.0
008 740703s1948 pk 000 0 eng
010 _a 60025149
035 _a(OCoLC)935871
040 _aDLC
_cNSyU
_dDLC
_dBDDh-ASL
042 _apremarc
050 0 0 _aDS485.K2
_bD3
082 _a954.6
_bMHR
100 1 _aDe Mhaffe, A.
245 1 0 _aRoad to Kashmir /
260 _aLahore :
_bRipon Print. Press,
_c[1948?].
300 _axxiii, 206 p. :
_bfold. map.
_c22 cm.
500 _aErrata slip inserted.
651 0 _aJammu and Kashmir (India)
_xPolitics and government.
906 _a7
_bcbc
_coclcrpl
_du
_encip
_f19
_gy-gencatlg
942 _2ddc
_cBK